Statistics for Most Populated Cities in the world(In Thousands)

Click here to take the quiz!

General Stats

  • This quiz has been taken 11 times
  • The average score is 23 of 30

Answer Stats

PopulationAnswer% Correct
19,618Beijing
100%
28,514Delhi
100%
12,458Los Angeles
100%
12,410Moscow
100%
18,819New York
100%
10,901Paris
100%
37,400Tokyo
100%
20,076Cairo
89%
12,638Guangzhou
89%
14,681Kolkata
89%
19,980Mumbai
89%
13,293Rio De Janeiro
89%
21,650Sao Paulo
89%
25,582Shanghai
89%
19,578Dhaka
78%
14,751Istanbul
78%
13,463Lagos
78%
21,581Mexico City
78%
19,281Osaka
78%
10,574Bogotá
67%
14,967Buenos Aires
67%
10,517Jakarta
67%
15,400Karachi
67%
11,440Bangalore
56%
11,738Lahore
56%
11,908Shenzhen
56%
13,215Tianjin
56%
14,838Chongqing
44%
13,171Kinshasa
44%
13,482Manila
44%

Score Distribution

Percentile by Number Answered

Percent of People with Each Score

Your Score History

You have not taken this quiz